| 000 | 00676nam a2200205 i 4500 | ||
|---|---|---|---|
| 001 | 80107 | ||
| 003 | ES-MaACL | ||
| 005 | 20230906174130.0 | ||
| 007 | t| | ||
| 008 | 041026s1968 sp ||||1| spa d | ||
| 100 | 1 |
_aHirschberger, Johannes. _963811 |
|
| 245 | 1 | 0 |
_aHombre, Dios, Revelación / _cJohannes Hirschberger, Johannes G. Deninger ; tradujeron J.A. Paredes, J.M. Abrego, F. Sánchez Marco. |
| 260 |
_aSalamanca : _bSígueme, _c1968. |
||
| 300 |
_a311 p. ; _c21 cm. |
||
| 700 | 1 |
_aDeninger, Johannes G. _943696 |
|
| 700 | 1 |
_aParedes, J. A. _989035 |
|
| 700 | 1 |
_aAbrego, J. M. _918147 |
|
| 700 | 1 |
_aSánchez Marco, F. _9102751 |
|
| 852 |
_aES-MaACL _jC-37162 _bR.67758 |
||
| 999 |
_c80107 _d80107 |
||